000 00222 a2200109 4500
020 _a9781933032474
041 _aspa
100 _aOsborne, Mary Pope
245 _aEsta noche en el Titanic
942 _cBK
999 _c11109
_d11109
999 _d11109